000 00327nam a22001457a 4500
020 _a0-07-049940-3
041 _aENG
100 _aPost.G.V
245 _aManagement Information Systems
260 _aNew Delhi
_bTata McGraw Hill
_c2003
300 _a618
650 _aM.Tech
700 _aAnderson.D.L
856 _uM.Tech ( 7 )
999 _c1067
_d1067